00784nam a22001577a 4500003000900000005001700009008004100026040001300067100001800080245008000098250000600178260002200184300002000206490001500226520038500241IT-RoPau20220918175939.0130129b xxu||||| |||| 00| 0 eng d cIT-RoPau aMerlo , Tecla aSemi di sapienzabper il cristiano di oggi a cura di Mercedes Mastrostefano aI aMilanobFSPc2005 a192 p.c17,5 cm aPaolinevI aIndice Tecla Merlo Un apostola moderna Nota Amor proprio Angelo custode Apostolato Bontà Carità Croce Diavolo Difetti Dio - Gesù Esame di coscienza Esempio Eternità Famiglia Fiducia/fede Fortezza/pazienza Gioia Lavoro Lingua maria Morte Mortificazione Pace Perdono Preghiera Ringraziamento Rosario Sincerità Tempo Umiltà Virtù Vita Volontà di Dio Cronologia